000 00360nam a22001457a 4500
003 OSt
008 250215b |||||||| |||| 00| 0 eng d
020 _a9788197818417
100 _aSHACHIE
245 _aHuman Resource Management & CSR
260 _aNew Delhi,
_bNaples India:
_c2024.
300 _a771p.
650 _aFaculty Publication
942 _2ddc
_cBK
999 _c13140
_d13140